Desarrollo de un programa de diseño de antenas para comunicaciones por satélite
Guardado en:
| Hovedforfatter: | |
|---|---|
| Andre forfattere: | |
| Format: | Bog |
| Udgivet: |
[San José , Costa Rica]
1993
|
| Fag: | |
| Tags: |
Tilføj Tag
Ingen Tags, Vær først til at tagge denne postø!
|
MARC
| LEADER | 00000nam a2200000Ia 4500 | ||
|---|---|---|---|
| 003 | 006083 | ||
| 005 | 20221231144315.0 | ||
| 008 | 140114s1993 cr a m 000 ||s d | ||
| 040 | |c cru CEDI | ||
| 090 | |a TFG 2760 | ||
| 100 | |a Herrera Herrera, Alfonso |9 12006 | ||
| 245 | |a Desarrollo de un programa de diseño de antenas para comunicaciones por satélite | ||
| 260 | |c 1993 |a [San José , Costa Rica] | ||
| 300 | |a xii, 165 páginas : ilustraciones. | ||
| 500 | |a Proyecto de graduación (bachillerato en ingeniería eléctrica)--Universidad de Costa Rica. Facultad de Ingeniería. Escuela de Ingeniería Eléctrica | ||
| 650 | |x ANTENAS (ELECTRONICA) - DISEÑO Y CONSTRUCCION |x SATELITES ARTIFICIALES EN TELECOMUNICACIONES - DISEÑO |x SIMULACION POR COMPUTADORA |9 12007 | ||
| 700 | |9 7377 |a Víquez Jiménez, Gabriel | ||
| 942 | |c TFG | ||
| 999 | |c 19899 |d 19899 | ||
